Mario Kart 8 Deluxe Tracks - Sudden Death - Statistics

General Stats
  • This quiz has been taken 262 times
  • The average score is 10 of 20
Answers on the Grid
Answers color-coded by a green-red scale on the quiz's grid according to % correct below.
Airship Fortress
Animal Crossing
Banshee Boardwalk
Bone-Dry Dunes
Boo Lake
Cheep Cheep Beach
Cheese Land
Choco Island 2
Delfino Square
DK Mountain
Dry Dry Ruins
Luigi Circuit
Madrid Drive
Mario Circuit
Merry Mountain
Moo Moo Meadows
Moonview Highway
Mushroom Bridge
Mute City
Riverside Park
Shy-Guy Bazaar
Sky-High Sundae
Thwomp Desert
Toad Harbor
Twisted Mansion
Wario Colosseum
Wild Woods
Wuhu Loop
Yoshi Circuit
Yoshi Falls
Yoshi Valley
Yoshi's Island
 
Answer Stats
Answer % Correct
Animal Crossing
85%
Cheep Cheep Beach
72%
Cheese Land
71%
Bone-Dry Dunes
70%
Boo Lake
59%
Mario Circuit
59%
DK Mountain
56%
Moo Moo Meadows
52%
Madrid Drive
48%
Moonview Highway
47%
Mute City
46%
Sky-High Sundae
44%
Toad Harbor
43%
Yoshi Circuit
43%
Yoshi's Island
43%
Merry Mountain
42%
Twisted Mansion
42%
Yoshi Valley
40%
Riverside Park
38%
Wild Woods
38%
No matching quizzes found
Score Distribution
Percent of People with Each Score
Percentile by Number Answered
Your Score History
You have not taken this quiz